| 000 | 00621cam a22002291 4500 | ||
|---|---|---|---|
| 001 | med48000481 | ||
| 003 | DLC | ||
| 005 | 20260227111609.0 | ||
| 008 | 750813s1947 xx 000 0 eng | ||
| 010 | _amed48000481 | ||
| 035 | _a(OCoLC)1543521 | ||
| 040 |
_aDLC _cFMU _dOClW-H _dDLC |
||
| 042 | _apremarc | ||
| 050 | 0 | 0 |
_aR154.P367 _bM3 |
| 082 | _a926.1 | ||
| 100 | 1 |
_aMcClintock, John Thomas, _d1873- |
|
| 245 | 0 | 0 | _aWashington Freeman Peck. |
| 260 |
_aIowa City _c[c1947] |
||
| 300 |
_a 42 p. _bport. _c24 cm. |
||
| 440 | 0 | _a[Iowa University] Centennial memoirs | |
| 600 | 1 | 0 |
_aPeck, Washington Freeman, _d1841-1891. |
| 999 |
_c38891 _d38891 |
||